Star Trek: Original Series Characters Quiz Stats

 Plays Quiz Updated Jun 10, 2017

Support Sporcle.
Go Orange.
Score 0/28 Timer 04:00
7 Plays Today
% Correct
Captain Kirk
98.2%
Spock
94.3%
Sulu
92.1%
Doctor McCoy
91.1%
Uhura
90.3%
Abraham Lincoln
89.8%
Scotty
87.2%
Pavel Chekov
85.7%
Gorn
82.3%
Khan Noonien Singh
79.4%
T'Pau
74.7%
Captain Pike
73.8%
Harry Mudd
73.6%
Sarek
73.1%
% Correct
Kor
72.4%
Richard Daystrom
72.1%
Janice Lester
71.7%
Apollo
71.3%
Janice Rand
67.2%
Charlie Evans
64.6%
Edith Keeler
63.7%
Matt Decker
63%
Nurse Christine Chapel
60.5%
Miri
59.9%
Bele
50.6%
Gary Seven
50.5%
Trelane
50.3%
Gary Mitchell
48.5%

You're not logged in!

Compare scores with friends on all Sporcle quizzes.
OR
Log In
Forgot?

From the Vault

City Profile: New York

by Ben

If you hurry, you can complete this quiz in a New York minute.
Remove Ads.
Support Sporcle.
Get the best of Sporcle when you Go Orange. This ad-free experience offers more features, more stats, and more fun while also helping to support Sporcle. Thank you for becoming a member.

Show Comments

Extras

Top Quizzes Today


Score Distribution

Your Account Isn't Verified!

In order to create a playlist on Sporcle, you need to verify the email address you used during registration. Go to your Sporcle Settings to finish the process.

Report this User

Report this user for behavior that violates our Community Guidelines.

Details: